000 nam a22 a 4500
999 _c3499
_d3499
005 20170523094954.0
008 170523b2013 - ||||| |||| 00| 0 eng d
020 _a978078036804
040 _aAKMAL
082 _a658.45 ADL
090 _a658.45
_bADL
245 _aCOMMUNICATING AT WORK
_cRONALD B. ADLER/JEANNE ELMHORST/KRISTEN LUCAS
250 _a11th ed
260 _aUNITED STATES OF AMERICA
_bMcGRAW-HILL COMPANIES
_c2013
300 _a462pg,;
_c25 cm
650 _aCOMMUNICATION
_9486
942 _2ddc
_cBOOK